Trampa infernal / (Registro nro. 7325)
[ vista simple ]
| 000 -LEADER | |
|---|---|
| fixed length control field | 01646nam a22002897a 4500 |
| 003 - CONTROL NUMBER IDENTIFIER | |
| control field | OSt |
| 005 - DATE AND TIME OF LATEST TRANSACTION | |
| control field | 20210224171823.0 |
| 008 - FIXED-LENGTH DATA ELEMENTS--GENERAL INFORMATION | |
| fixed length control field | 210224s1996 sp ||||jr|||| 00| f spa d |
| 020 ## - INTERNATIONAL STANDARD BOOK NUMBER | |
| International Standard Book Number | 8440664311 |
| 040 ## - CATALOGING SOURCE | |
| Original cataloging agency | CO-JMCR |
| Transcribing agency | CO-JMCR |
| 041 1# - LANGUAGE CODE | |
| Language code of text/sound track or separate title | spa |
| Language code of original | eng |
| 082 04 - DEWEY DECIMAL CLASSIFICATION NUMBER | |
| Classification number | N / |
| Item number | STIt |
| Edition number | 23 |
| 100 1# - MAIN ENTRY--PERSONAL NAME | |
| Personal name | Stine, Robert Lawrence, |
| Relator term | autor |
| 9 (RLIN) | 13929 |
| 245 10 - TITLE STATEMENT | |
| Title | Trampa infernal / |
| Statement of responsibility, etc. | R. L. Stine ; traducción, Elvira Saiz |
| 250 ## - EDITION STATEMENT | |
| Edition statement | 1° edición |
| 260 ## - PUBLICATION, DISTRIBUTION, ETC. | |
| Place of publication, distribution, etc. | Barcelona : |
| Name of publisher, distributor, etc. | Ediciones B, |
| Date of publication, distribution, etc. | 1996 |
| 300 ## - PHYSICAL DESCRIPTION | |
| Extent | 131 páginas ; |
| Dimensions | 19 cm. |
| 490 0# - SERIES STATEMENT | |
| Series statement | La calle del terror ; |
| Volume/sequential designation | 8 |
| 500 ## - GENERAL NOTE | |
| General note | Título original: College Weekend |
| 520 3# - SUMMARY, ETC. | |
| Summary, etc. | No escuches las historias que te cuenten sobre la calle del terror. ¿No sería mejor que investigaras tú mismo y vieras si esos oscuros misterios no aclarados son verdad?<br/>Tina Rivers está muy emocionada porque va a pasar en fin de semana con su novio en Patterson College. Con la euforia, ni siquiera le importa que le acompañe su prima Holly, pero cuando llegan a la residencia, Josh ha desaparecido. Su compañero de habitación, Christopher Roberts, les dice que Josh ha ido a la montaña y ha tenido una avería en el coche. A Tina le extraña que no le hubiera dicho que marchara de excursión. La situación se complica aún más cuando, de pronto, desaparece Holly, sin embargo, Christopher no está preocupado y tiene respuestas para todo. Tina está desorientada. |
| 546 ## - LANGUAGE NOTE | |
| Language note | Traducido del inglés. |
| 650 14 - SUBJECT ADDED ENTRY--TOPICAL TERM | |
| Topical term or geographic name entry element | Novela juvenil |
| 9 (RLIN) | 13930 |
| 650 24 - SUBJECT ADDED ENTRY--TOPICAL TERM | |
| Topical term or geographic name entry element | Terror en la literatura |
| 9 (RLIN) | 13931 |
| 650 24 - SUBJECT ADDED ENTRY--TOPICAL TERM | |
| Topical term or geographic name entry element | Misterio en la literatura |
| 9 (RLIN) | 790 |
| 700 1# - ADDED ENTRY--PERSONAL NAME | |
| Personal name | Saiz, Elvira, |
| Relator term | traductora |
| 9 (RLIN) | 13932 |
| 942 ## - ADDED ENTRY ELEMENTS (KOHA) | |
| Source of classification or shelving scheme | Dewey Decimal Classification |
| Koha item type | Books |
No hay ítems disponibles.